<?xml version="1.0" encoding="UTF-8"?>
<record
    xmlns:xsi="http://www.w3.org/2001/XMLSchema-instance"
    xsi:schemaLocation="http://www.loc.gov/MARC21/slim http://www.loc.gov/standards/marcxml/schema/MARC21slim.xsd"
    xmlns="http://www.loc.gov/MARC21/slim">

  <leader>00664nam a22001937a 4500</leader>
  <datafield tag="999" ind1=" " ind2=" ">
    <subfield code="c">172590</subfield>
    <subfield code="d">172590</subfield>
  </datafield>
  <controlfield tag="005">20200207142434.0</controlfield>
  <datafield tag="010" ind1=" " ind2=" ">
    <subfield code="a">A-392481</subfield>
  </datafield>
  <datafield tag="020" ind1=" " ind2=" ">
    <subfield code="c">30.00</subfield>
  </datafield>
  <datafield tag="035" ind1=" " ind2=" ">
    <subfield code="a">A-392481</subfield>
  </datafield>
  <datafield tag="037" ind1=" " ind2=" ">
    <subfield code="b">BPPD/Pub.</subfield>
  </datafield>
  <datafield tag="082" ind1=" " ind2=" ">
    <subfield code="a">921</subfield>
  </datafield>
  <datafield tag="100" ind1=" " ind2=" ">
    <subfield code="a">&#x628;&#x644;&#x62C;&#x6CC;&#x62A; &#x633;&#x646;&#x6AF;&#x6BE; &#x645;&#x637;&#x6CC;&#x631;</subfield>
  </datafield>
  <datafield tag="245" ind1=" " ind2=" ">
    <subfield code="a">&#x645;&#x627;&#x644;&#x6A9; &#x645;&#x62D;&#x645;&#x62F; &#x62C;&#x627;&#x6CC;&#x633;&#x6CC;:</subfield>
    <subfield code="b">&#x62D;&#x6CC;&#x627;&#x62A; &#x627;&#x648;&#x631; &#x627;&#x62F;&#x628;&#x6CC; &#x6A9;&#x627;&#x631;&#x646;&#x627;&#x645;&#x6D2; /</subfield>
    <subfield code="c">&#x628;&#x644;&#x62C;&#x6CC;&#x62A; &#x633;&#x646;&#x6AF;&#x6BE; &#x645;&#x637;&#x6CC;&#x631;</subfield>
  </datafield>
  <datafield tag="246" ind1=" " ind2=" ">
    <subfield code="a">Malik Mohammad Jaisi: Hyat Aur Adabi Karnamey /</subfield>
    <subfield code="b">by Baljit Singh Mateer</subfield>
  </datafield>
  <datafield tag="260" ind1=" " ind2=" ">
    <subfield code="a">Haryana</subfield>
    <subfield code="b">Kaya Publications</subfield>
    <subfield code="c">1989 &#x621;</subfield>
  </datafield>
  <datafield tag="270" ind1=" " ind2=" ">
    <subfield code="a">1/277, Patel Park, Bahadurgarh</subfield>
    <subfield code="b">Haryana</subfield>
    <subfield code="e">124507</subfield>
  </datafield>
  <datafield tag="300" ind1=" " ind2=" ">
    <subfield code="a">104p.</subfield>
    <subfield code="c">22cm(Hb)</subfield>
  </datafield>
  <datafield tag="942" ind1=" " ind2=" ">
    <subfield code="2">ddc</subfield>
    <subfield code="c">UR</subfield>
    <subfield code="h">921</subfield>
    <subfield code="m">&#x645; &#x644; &#x6A9;</subfield>
  </datafield>
  <datafield tag="952" ind1=" " ind2=" ">
    <subfield code="0">0</subfield>
    <subfield code="1">0</subfield>
    <subfield code="4">0</subfield>
    <subfield code="7">0</subfield>
    <subfield code="8">NFIC</subfield>
    <subfield code="a">L</subfield>
    <subfield code="b">L</subfield>
    <subfield code="d">2020-02-07</subfield>
    <subfield code="e">BPPD/Ven.</subfield>
    <subfield code="g">30.00</subfield>
    <subfield code="l">0</subfield>
    <subfield code="o">921 &#x645; &#x644; &#x6A9;</subfield>
    <subfield code="p">A-392481</subfield>
    <subfield code="r">2020-02-07 00:00:00</subfield>
    <subfield code="t">1</subfield>
    <subfield code="v">30.00</subfield>
    <subfield code="w">2020-02-07</subfield>
    <subfield code="y">UR</subfield>
  </datafield>
</record>
